Evaluación de la pérdidas de energía de un flujo de agua en las expansiones y contracciones abruptas en conductos cerrados
Gespeichert in:
| 1. Verfasser: | |
|---|---|
| Format: | Buch |
| Veröffentlicht: |
San José, C.R.
2003
|
| Schlagworte: | |
| Tags: |
Tag hinzufügen
Keine Tags, Fügen Sie den ersten Tag hinzu!
|
MARC
| LEADER | 00000nam a2200000Ia 4500 | ||
|---|---|---|---|
| 003 | 009127 | ||
| 005 | 20221231144149.0 | ||
| 008 | 140114s2003 cr a m 000 ||s d | ||
| 040 | |c cru CEDI | ||
| 090 | |a TFG 4670 | ||
| 100 | |a Ulate Rojas, Olger |9 7084 | ||
| 245 | |a Evaluación de la pérdidas de energía de un flujo de agua en las expansiones y contracciones abruptas en conductos cerrados | ||
| 260 | |c 2003 |a San José, C.R. | ||
| 300 | |a xi, 66 hojas : ilustraciones | ||
| 500 | |a Proyecto de graduación (licenciatura en química)--Universidad de Costa Rica. Facultad de Ingeniería. escuela de Química | ||
| 650 | |x MECANICA DE FLUIDOS |x MODELOS MATEMATICOS |x DINAMICA DE FLUIDOS |x DISIPACION DE LA ENERGIA |x TUBERIAS PARA AGUA |9 7085 | ||
| 942 | |c TFG | ||
| 999 | |c 17811 |d 17811 | ||
